A dictionary, practical, theoretical, and historical, of commerce and commercial navigation : illustrated with maps and plans /

Bibliographic Details
Main Author: McCulloch, J. R. (John Ramsay), 1789-1864
Format: eBook
Language:English
Edition:New ed., corr. and improved
Series:Making of the modern world (Goldsmiths'-Kress Library of Economic Literature)
Subjects:
Online Access:Connect to the full text of this electronic book

MARC

Tag First Indicator Second Indicator Subfields
LEADER 00000cam a2200000Ia 4500
001 in00002272813
005 20190326190931.0
006 m | d |
007 cr |n||||||||n
008 880509s1840 enkb sd 000 0 eng d
040 |a TXA  |c GKR  |d OCL  |d OCLCQ  |d Thomson Gale  |d UtOrBLW 
100 1 |a McCulloch, J. R.  |q (John Ramsay),  |d 1789-1864. 
245 1 2 |a A dictionary, practical, theoretical, and historical, of commerce and commercial navigation :  |b illustrated with maps and plans /  |c by J.R. McCulloch. 
250 |a New ed., corr. and improved  |b with an enl. supplement, containing many new articles, and bringing down the information contained in the work to Jan., 1840. 
264 3 |a London :  |b Printed for Longman, Orme, Brown, Green, and Longmans,  |c 1840 
264 3 |b [Printed by A. Spottiswoode] 
300 |a 2 volumes :  |b maps ;  |c 22 cm. 
336 |a text  |b txt  |2 rdacontent 
337 |a computer  |b c  |2 rdamedia 
338 |a online resource  |b cr  |2 rdacarrier 
500 |a Reproduction of original from Kress Library of Business and Economics, Harvard University. 
500 |a Goldsmiths'-Kress number 31348. 
510 4 |a OCLC,  |c 17924748 
533 |a Electronic reproduction.  |b Farmington Hills, Mich. :  |c Thomson Gale,  |d 2005.  |f (The making of the modern world).  |n Available via the World Wide Web.  |n Access limited to licensing agreements.  |7 s2005 miunns 
500 |a Electronic resource. 
650 0 |a Commerce  |v Dictionaries. 
655 0 |a Electronic books. 
830 0 |a Making of the modern world (Goldsmiths'-Kress Library of Economic Literature) 
856 4 0 |u http://proxy.library.tamu.edu/login?url=http://galenet.galegroup.com/servlet/MOME?af=RN&ae=U105752662&srchtp=a&ste=14&locID=txshracd2898  |z Connect to the full text of this electronic book  |t 0 
999 |a MARS 
999 f f |s ebfa4392-3038-3d20-9551-5c44fe968272  |i b4164f4b-be40-356d-94f5-0ae7a70e40af  |t 0 
952 f f |a Texas A&M University  |b College Station  |c Electronic Resources  |d Available Online  |t 0  |h No information provided 
998 f f |t 0  |l Available Online